00431nam a2200157Ia 450000500170000000800410001703700130005804000200007104100130009108400170010410000150012124500820013625000060021826000400022430000090026420250326141125.0250326s9999 xx 000 0 und d aTextbook aFMSLbengcFMSL aeng2eng aX65 N7qFMSL aBhalla V K 0aInvestment management: Security analyses and portfolio managementcBhalla V K a5 aNew DelhibNew Delhi, S.Chandc1997 a846p